[Event "45th FIDE Chess Olympiad Open"]
[Site "Budapest, Hungary"]
[Date "2024.09.11"]
[Round "1.128"]
[White "Forbes, Garry"]
[Black "Jobava, Baadur"]
[Result "0-1"]
[WhiteElo "1858"]
[BlackElo "2582"]
[PlyCount "56"]
[EventDate "2024.??.??"]
[WhiteTeam "Jersey"]
[BlackTeam "Georgia"]
[BlackTeamCountry "GEO"]
[WhiteClock "0:04:14"]
[BlackClock "1:08:16"]

1. d4 {Finkel,Alexander} d6 2. e4 Nf6 3. Nc3 e5 4. dxe5 dxe5 5. Qxd8+ Kxd8 6. Bc4 Ke8 7. Nge2 ({RR} 7. Nf3 Bd6 8. Bg5 ({RR} 8. Be3 a6 9. a4 Bd7 10. Ng5 Rf8 11. Nd5 Nxd5 12. Bxd5 c6 13. Bb3 h6 14. O-O-O Bc7 15. Nf3) ({RR} 8. O-O a6 9. a4 Nc6 10. Ng5 Nd8 11. Nd5 Nxd5 12. Bxd5 f6 13. Nf3 Be6 14. Bxe6 Nxe6 15. Rd1 Ke7) 8... Nbd7 ({RR} 8... c6 9. O-O-O Bc7 10. h3 Nbd7 11. a4 a6 12. Nd2 h6 13. Be3 b5 14. Ba2 Bb6) 9. O-O-O h6 ({RR} 9... a6 10. a4 ({RR} 10. h3 b5 11. Bb3 h6 12. Bxf6 Nxf6 13. Rhe1 Bb7 14. Nd5 Nd7 15. Nh4) 10... h6 11. Bh4 Rb8 12. h3 Nh5 13. g4 Nf4 14. Bg3 g5 15. Bxf4 gxf4 16. Nh4 Bc5) 10. Bh4 Nb6 11. Be2 ({RR} 11. Bb3) 11... Ke7 ({RR} 11... Be6 12. Nb5 ({RR} 12. Bxf6 gxf6 13. Nh4 a6 14. Nf5 Bc5) 12... Nxe4 13. Bd3 Nc5 14. Nxd6+ cxd6 15. Bb5+ Bd7 16. Bxd7+ Nbxd7 17. Rxd6 f6 18. Rhd1) 12. Bg3 Nbd7 13. Bc4 Nb6 14. Be2 Nbd7 15. Nd2 Bb4 ({RR} 15... c6 16. Nc4 Bc7 17. a4 Rd8 18. h3 Rb8 19. b4) 16. f4 ({RR} 16. Nd5+ Nxd5 17. exd5 f5 18. f3 Kf6 19. c3 Bd6 20. Nc4 b6) 16... Bxc3 17. bxc3 Nc5 ({RR} 17... exf4 18. Bxf4 Ne8 19. e5 Nc5 20. Rhf1 Ne6 21. Be3 b6) 18. Bf3 exf4 19. Bxf4 Be6 ({RR} 19... Ne6) 20. Bxc7 Rac8 21. Ba5 ({RR} 21. Bg3 Na4 ({RR} 21... Bxa2 22. c4 Na4 ({RR} 22... b5 23. Kb2 Bxc4 24. Nxc4 Na4+ ({RR} 24... bxc4 25. Bd6+ Ke8 26. Rhe1) 25. Kc1 Rxc4 26. Bd6+ Ke6 27. e5 Rhc8 28. Rd2) 23. e5 Nd7 24. Ne4 Rxc4 25. Nd6 Rb4 26. Nf5+ Kd8) 22. e5 Nd7 23. c4 Nc3 24. Rde1 Nxa2+ 25. Kb2 Nb4) 21... Nfd7 {Bareev,E (2702)-Azmaiparashvili,Z (2673) Shenyang 2000 CBM 079 [Finkel,Alexander] 0-1 (61)}) 7... c6 8. a4 a5 9. h3 $146 ({RR} 9. f3 Na6 10. Bg5 Nc7 11. O-O-O Be6 12. Bxe6 Nxe6 13. Bxf6 gxf6 14. Ng3 Rd8 15. Nf5 Rg8 16. g3 Nd4 17. Nxd4 Rxd4 18. Rxd4 exd4 19. Ne2 Bh6+ 20. f4 c5 21. Rd1 Ke7 22. c3 f5 23. exf5 Kf6 {Nihal,S (2669)-Sanal,V (2574) chess.com INT 2024 1-0 (42)}) ({RR} 9. Bg5 Be7 10. O-O Nbd7 11. Ng3 g6 12. Rad1 Nc5 13. f4 Ng4 14. Rde1 f6 15. Bh4 exf4 16. e5 f5 17. Bxe7 Kxe7 18. Rxf4 Be6 19. h3 Nh6 20. Nf1 g5 21. Rd4 f4 22. Bxe6 Nxe6 23. Rd2 Nf5 {Panchanathan,M (2500)-Izoria,Z (2643) Richardson 2007 ½-½ (110)}) ({RR} 9. Be3 Ng4 10. Bd2 Bc5 11. O-O Nd7 12. Nc1 Ke7 13. Nd3 Bb6 14. h3 Ngf6 15. Kh2 Ke8 16. f3 Kf8 17. Ne2 Nc5 18. Nxc5 Bxc5 19. Rfd1 Nd7 20. Bc3 f6 21. Nc1 Ke7 22. Nb3 Bb6 23. Rd2 Nc5 {Prasad,D (2401)-Tratar,M (2440) Sautron 2005 ½-½}) 9... Nbd7 10. Be3 Bc5 11. Bxc5 Nxc5 12. f3 Ke7 13. O-O-O Nfd7 14. Rd2 Nb6 15. Bb3 h5 16. h4 Ra6 17. Rhd1 Nxb3+ 18. cxb3 Be6 19. Kc2 Nd7 20. Rd6 Rh6 21. R6d2 Nc5 22. Nc1 Rb6 23. Rd8 Nxb3 24. Ra8 Rg6 25. Nd5+ cxd5 26. Nxb3 dxe4 27. Nxa5 Rxg2+ 28. Rd2 exf3 0-1

[Event "45th FIDE Chess Olympiad Open"]
[Site "Budapest, Hungary"]
[Date "2024.09.11"]
[Round "1.129"]
[White "Wu, Li"]
[Black "Peralta, Fernando"]
[Result "0-1"]
[WhiteElo "2325"]
[BlackElo "2558"]
[PlyCount "92"]
[EventDate "2024.??.??"]
[WhiteTeam "Isle of Man"]
[BlackTeam "Argentina"]
[WhiteTeamCountry "IOM"]
[BlackTeamCountry "ARG"]
[WhiteClock "0:12:27"]
[BlackClock "0:04:33"]

1. e4 e6 2. d4 d5 3. exd5 exd5 4. Nf3 Nf6 5. h3 Bd6 6. c4 O-O 7. c5 Be7 ({RR} 7... Re8+ 8. Be2 Bf8 9. O-O b6 10. cxb6 axb6 11. Nc3 h6 12. Bf4 c6 13. Ne5 Bb7 14. Re1 b5 15. a3 Nbd7 16. Bd3 Nb6 17. Rb1 Nc4 18. Bc2 Nd6 19. Qd3 Nde4 20. Nxe4 dxe4 21. Rxe4 c5 22. Ree1 {Lima,D (2507)-Harikrishna,P (2717) Warsaw 2021 1-0 (85)}) 8. b4 $146 ({RR} 8. Bd3 b6 9. cxb6 axb6 10. Nc3 Ne4 11. Nxe4 dxe4 12. Bxe4 Bb4+ 13. Kf1 Ra5 14. a3 Re8 15. Bd3 Bb7 16. Be3 Bd6 17. b4 Ra8 18. Qc2 h6 19. Qc3 Nd7 20. Bb5 Re7 21. Bc6 Bxb4 22. axb4 Bxc6 {Dudzinski,P (2193)-Balog,I (2577) Katowice 2021 0-1 (61)}) ({RR} 8. Bd3 b6 9. Be3 bxc5 10. dxc5 c6 11. Qc2 Ba6 12. O-O Bxd3 13. Qxd3 Nbd7 14. Rc1 Qc7 15. Nbd2 Rfe8 16. b4 a6 17. a4 Bf8 18. Rab1 Ne4 19. Nb3 g6 20. Bd4 Bg7 21. Bxg7 Kxg7 22. Na5 Kg8 {Velikanov,A (2387)-Korchynskyi,M (2263) chess.com INT 2024 1-0 (51)}) ({RR} 8. Nc3 b6 9. cxb6 axb6 10. Be2 c5 11. O-O Nc6 12. Bb5 Bb7 13. Re1 Ne4 14. Nxe4 dxe4 15. Bxc6 Bxc6 16. Ne5 Bd5 17. dxc5 Bxc5 18. Be3 Bb4 19. Bd2 Bc5 20. Be3 Bxe3 21. Rxe3 f6 22. Nd3 Bb7 {Ignat,M (2099)-Rohit,S (2363) Paracin SRB 2024 0-1 (32)}) 8... b6 9. a3 Ne4 10. Be3 Bf6 11. Qc2 Re8 12. Bd3 bxc5 13. bxc5 Ba6 14. Ra2 Bxd3 15. Qxd3 Nxc5 16. dxc5 d4 17. Re2 dxe3 18. Rxe3 Nd7 19. c6 Nb8 20. Qxd8 Rxd8 21. Ke2 Nxc6 22. Rc1 Nd4+ 23. Nxd4 Bxd4 24. Rd3 c5 25. Rc2 Rd6 26. Nd2 Re8+ 27. Kf1 Ra6 28. Rc4 g6 29. g4 Rb8 30. Nf3 Bb2 31. a4 Bg7 32. Rd7 Bf8 33. Rf4 f6 34. g5 f5 35. Rh4 Bg7 36. Rc4 Bf8 37. Rh4 Bg7 38. Rc4 Ra5 39. Rc1 Bf8 40. Ne5 Rxa4 41. Nc6 Re8 42. Rcd1 a6 43. Rc7 Ra2 44. Kg1 Rae2 45. Rdd7 R2e6 46. Rxh7 Rxc6 0-1

[Event "45th FIDE Chess Olympiad Open"]
[Site "Budapest, Hungary"]
[Date "2024.09.11"]
[Round "1.130"]
[White "Krysa, Leandro"]
[Black "Fabri, Henrik"]
[Result "1-0"]
[WhiteElo "2495"]
[BlackElo "1936"]
[PlyCount "65"]
[EventDate "2024.??.??"]
[WhiteTeam "Argentina"]
[BlackTeam "Isle of Man"]
[WhiteTeamCountry "ARG"]
[BlackTeamCountry "IOM"]
[WhiteClock "0:02:22"]
[BlackClock "0:01:00"]

1. c4 e5 2. g3 Nf6 3. Bg2 c6 4. Nf3 e4 5. Nd4 d5 6. cxd5 cxd5 7. Nc3 Nc6 8. Nxc6 bxc6 9. d3 exd3 10. Qxd3 Bb4 11. O-O O-O 12. Be3 ({RR} 12. a3 Ba5 13. b4 Bc7 14. a4 Rb8 15. Ba3 Bd6 16. b5 Bxa3 17. Rxa3 Bd7 18. Rb1 Qe7 19. Rab3 Qc5 20. bxc6 Rxb3 21. Rxb3 Bxc6 22. e3 Re8 23. Qd4 Qa5 24. Qb4 Qc7 25. a5 h6 26. a6 Ne4 {Vojta,J (2261)-Cziko,E (1946) Prague CZE 2024 1-0 (47)}) 12... Be6 $146 ({RR} 12... Re8 13. a3 Bd6 14. Na4 Qa5 15. Qc2 Qb5 16. Rfe1 Bf5 17. Qxf5 Qxa4 18. Rac1 Be5 19. Qc2 Qg4 20. Red1 a5 21. b3 Rac8 22. Bb6 Bd6 23. Bxa5 Bxa3 24. Bf3 Qh3 25. Ra1 Bd6 26. Ra4 Qe6 27. Bc3 {Forintos,G-Bilek,I Bordeaux 1964 1-0 (50)}) 13. Na4 Qa5 14. Qc2 Nd7 15. Rfc1 Rfc8 16. a3 Bd6 17. Nc5 Nxc5 18. Bxc5 Qd8 19. e4 g6 20. Rd1 Qe7 21. Rac1 Rab8 22. b4 a5 23. bxa5 Rb5 24. Bb6 Bxa3 25. Rb1 Rxb1 26. Rxb1 Qd6 27. Qc3 c5 28. Qxa3 d4 29. Rd1 Bc4 30. Rc1 Ba6 31. Rxc5 Qd7 32. Rxc8+ Qxc8 33. Bxd4 1-0

[Event "45th FIDE Chess Olympiad Open"]
[Site "Budapest, Hungary"]
[Date "2024.09.11"]
[Round "1.131"]
[White "Ormsby, Alan"]
[Black "Felgaer, Ruben"]
[Result "1/2-1/2"]
[WhiteElo "1914"]
[BlackElo "2563"]
[PlyCount "64"]
[EventDate "2024.??.??"]
[WhiteTeam "Isle of Man"]
[BlackTeam "Argentina"]
[WhiteTeamCountry "IOM"]
[BlackTeamCountry "ARG"]
[WhiteClock "0:09:16"]
[BlackClock "0:04:51"]

1. d4 d5 2. Bf4 Nf6 3. e3 e6 4. Bd3 Bd6 5. Bg3 O-O 6. Nf3 b6 7. Nbd2 Bb7 8. c3 c5 9. Ne5 Nc6 10. O-O Qc7 11. Nxc6 ({RR} 11. f4 Ne7 12. Qb1 Qc8 13. Bh4 Nf5 14. Bxf5 exf5 15. Bxf6 gxf6 16. Nef3 Qe6 17. Re1 Ba6 18. Nh4 cxd4 19. exd4 Qd7 20. g3 Rfe8 21. Qxf5 Qb5 22. Qxf6 Qxb2 23. Ndf3 Be7 24. Qh6 Bxh4 25. gxh4 Rxe1+ {Korobov,A (2692)-Dominguez Perez,L (2739) Doha 2016 1-0}) ({RR} 11. f4 Ne7 12. Bh4 Nf5 13. Bxf6 gxf6 14. Bxf5 exf5 15. Qh5 fxe5 16. Qg5+ Kh8 17. Qf6+ Kg8 18. Rf3 exf4 19. Qg5+ Kh8 20. Qf6+ Kg8 21. exf4 Bxf4 22. Raf1 Qd6 23. Qh4 Bxd2 24. Rg3+ Kh8 25. Rxf5 Qe6 {Elgersma,O (2323)-Rose,F (2091) chess.com INT 2024 1-0 (36)}) 11... Bxc6 12. Bxd6 Qxd6 13. f4 Ne4 $146 ({RR} 13... Nd7 14. Qe2 b5 15. Nf3 c4 16. Bc2 f5 17. a3 a5 18. g4 g6 19. g5 b4 20. h4 Rfb8 21. Rf2 bxc3 22. bxc3 Rb2 23. Qf1 Rab8 24. h5 Qe7 25. hxg6 hxg6 26. Rh2 Qg7 27. Rc1 R8b6 28. Kg2 {Lopez,J (2279)-Zelbel,P (2440) Netherlands 2018 1-0 (36)}) 14. Nxe4 dxe4 15. Be2 Rfd8 16. a3 a5 17. Qe1 h6 18. Qh4 cxd4 19. cxd4 Qd5 20. Rac1 Rdc8 21. Bc4 Qd7 22. Qf2 Rc7 23. Qd2 Bb7 24. Bb5 Qd6 25. Rxc7 Qxc7 26. Rc1 Qd6 27. Rc3 g5 28. fxg5 Qd5 29. Bf1 Qxg5 30. Qf2 Rc8 31. Rxc8+ Bxc8 32. h4 Qd5 1/2-1/2

[Event "45th FIDE Chess Olympiad Open"]
[Site "Budapest, Hungary"]
[Date "2024.09.11"]
[Round "1.132"]
[White "Sosa, Tomas"]
[Black "Gumireddy, Sanjay"]
[Result "1-0"]
[WhiteElo "2515"]
[BlackElo "1907"]
[PlyCount "29"]
[EventDate "2024.??.??"]
[WhiteTeam "Argentina"]
[BlackTeam "Isle of Man"]
[WhiteTeamCountry "ARG"]
[BlackTeamCountry "IOM"]
[WhiteClock "0:52:31"]
[BlackClock "0:23:29"]

1. e4 {Bologan,Viktor} e5 2. Nf3 Nc6 3. Bc4 Nf6 4. d3 Be7 5. O-O d6 6. a4 a5 ({RR} 6... Bg4 7. c3 O-O 8. Re1 ({RR} 8. Nbd2 Kh8 ({RR} 8... a6 9. Re1 d5 10. exd5 Nxd5 11. h3 Bh5 12. Ne4 Kh8 13. Ng3 Bg6 14. Nxe5 Nxe5 15. Rxe5 c6 16. a5) 9. a5 b6 10. axb6 ({RR} 10. b4 bxa5 11. b5) 10... axb6 11. Rxa8 Qxa8 12. b4 Nd8 13. h3 Be6 14. Bb2 Qb7 15. Re1 ({RR} 15. b5 Bxc4 16. Nxc4 Ne6 17. Ne3 Ra8 18. c4) 15... b5 16. Bb3 Bxb3 17. Qxb3 Ne6 18. g3 Kg8 19. Ra1 Ra8 20. Rxa8+ Qxa8 21. c4 Qb7) 8... d5 9. exd5 Nxd5 10. h3 Bh5 11. a5 a6 12. Nbd2 Kh8 ({RR} 12... Nf4 13. Ne4 Bd6 14. Bxf4 exf4 15. d4) 13. Ne4 f6 ({RR} 13... b5 14. axb6 Nxb6 15. Bb3 Bg6 16. Be3 h6 17. Nc5 Nd5 18. Nb7 Qd7 19. Bc5) 14. Qb3 Bxf3 ({RR} 14... Nf4 15. Bxf4 exf4 16. Ned2) 15. Bxd5 ({RR} 15. gxf3 Nf4 16. Bxf4 exf4 17. d4 Rb8) 15... Bh5 16. Be3 Rb8 ({RR} 16... f5 17. Nc5 f4 18. Nxb7 fxe3 19. Nxd8 exf2+ 20. Kh1 fxe1=Q+ 21. Rxe1) 17. Bc5 Be8 ({RR} 17... f5 18. Bxc6 bxc6 19. Qa3) ({RR} 17... Bxc5 18. Nxc5 Qd6 ({RR} 18... Nxa5 19. Qa2) 19. Nxb7 Rxb7 20. Qxb7 Qxd5 21. Qxa6) 18. Qc4 Bd6 19. d4 f5 ({RR} 19... Bg6 20. Nxd6 ({RR} 20. b4 Ne7) 20... cxd6 21. Bb6 Qe7 22. Bxc6 Rfc8 23. d5 Be8 24. Qd3 bxc6 25. dxc6 Bxc6 26. Qxa6) 20. Nxd6 cxd6 21. Bb6 {Bologan,V (2682)-Naiditsch,A (2678) Kallithea 2008 CBM 127 [Bologan,Viktor] ½-½ (66)}) ({RR} 6... O-O 7. Re1) 7. Nc3 ({RR} 7. Re1 O-O 8. c3 Be6 9. Nbd2 Bxc4 10. Nxc4 Qd7 11. h3 Rfe8 {½-½ (11) Muniz Guevara,A (2116)-Montejo Bello,L (1985) Pinar del Rio CUB 2024}) 7... h6 $146 ({RR} 7... O-O 8. Ne2 Be6 9. Bxe6 fxe6 10. Ng3 Qe8 11. Ng5 Bd8 12. h4 h6 13. Nh3 Qg6 14. h5 Qg4 15. Qxg4 Nxg4 16. f3 Nf6 17. c3 Be7 18. Kf2 Nd7 {½-½ (18) Atlas,V (2480)-Dobosz,H (2433) Austria 2006}) ({RR} 7... O-O 8. Re1 Kh8 9. Ng5 Qe8 10. Nb5 Bd8 11. c3 h6 12. Nf3 Bg4 13. h3 Bh5 14. g4 Bg6 15. Nh4 Bh7 16. Nf5 Ne7 17. Qf3 Nxf5 18. gxf5 Qd7 19. Bb3 c6 20. Na3 d5 21. Kh2 Bb6 22. Be3 {Martin Carmona,G (2362)-Muromtsev,A (2129) Chess.com INT 2022 1-0 (33)}) ({RR} 7... O-O 8. Bg5 Be6 9. Bb5 Nd4 10. Nxd4 exd4 11. Ne2 c6 12. Bxf6 Bxf6 13. Bc4 d5 14. Bb3 dxe4 15. Bxe6 exd3 16. Bxf7+ Rxf7 17. Qxd3 Rd7 18. Rae1 Kh8 19. Nf4 Qb6 20. Ng6+ Kg8 21. Qc4+ Rd5 22. Nf4 {Gunina,V (2475)-Melikhov,E (2292) Chess.com INT 2022 1-0}) 8. Nd5 g5 9. c3 Bf8 10. Nxg5 hxg5 11. Bxg5 Bg7 12. Qf3 Ne7 13. Nxf6+ Bxf6 14. Qxf6 Rg8 15. Bxf7+ 1-0

[Event "45th FIDE Chess Olympiad Open"]
[Site "Budapest, Hungary"]
[Date "2024.09.11"]
[Round "1.133"]
[White "Schitco, Ivan"]
[Black "Gabriel, Davidson"]
[Result "1/2-1/2"]
[WhiteElo "2527"]
[BlackElo "2043"]
[PlyCount "129"]
[EventDate "2024.??.??"]
[WhiteTeam "Moldova"]
[BlackTeam "Haiti"]
[WhiteTeamCountry "MDA"]
[BlackTeamCountry "HAI"]
[WhiteClock "0:19:07"]
[BlackClock "0:30:03"]

1. Nf3 {ChessBase II} Nf6 2. c4 g6 3. Nc3 Bg7 4. e4 d6 5. d4 O-O 6. Be2 Bg4 7. O-O ({RR} 7. Be3 Nfd7 8. Rc1 ({RR} 8. Ng1)) 7... Nfd7 8. Be3 e5 9. d5 Bxf3 10. Bxf3 f5 11. b4 a5 12. a3 f4 $146 ({RR} 12... axb4 13. axb4 Rxa1 14. Qxa1 Na6 15. Rb1 Nf6 16. Bg5 Qd7 17. Bxf6 Bxf6 18. Qa3 Be7 19. Na4 Ra8 20. Nb2 Rf8 21. Nd3 fxe4 22. Bxe4 Qg4 23. f3 Qg5 24. Qc1 Nb8 25. Qxg5 Bxg5 26. Kf2 Nd7 27. c5 {Guerrero,A-De Greif,B Barranquilla 1972 ½-½ (34)}) ({RR} 12... Kh8 13. Qb3 Na6 14. Rfc1 Bf6 15. Na4 Bg5 16. Rab1 b6 17. Rc3 Qf6 18. exf5 Bxe3 19. Rxe3 gxf5 20. Be2 axb4 21. axb4 f4 22. Re4 Qf5 23. Bd3 Nf6 24. Ree1 e4 25. Bf1 f3 26. g3 Rae8 27. Rbd1 {Birbrager,I-Stein,L Sverdlovsk 1963 EXT 2003 [ChessBase II] 0-1 (31)}) ({RR} 12... Na6 13. Qb3 Kh8 14. Be2 f4 15. Bd2 Nf6 16. f3 Rg8 17. Na4 axb4 18. axb4 Bf8 19. Qc3 g5 20. c5 dxc5 21. b5 Nb8 22. Qxe5 Nbd7 23. Qf5 Rg6 24. Bc3 Bg7 25. Rfd1 Qe7 26. e5 Ng8 27. e6 {Evans,L-Popovych,O New York 1972 1-0 (57)}) 13. Bd2 Nf6 14. c5 Qe8 15. cxd6 cxd6 16. bxa5 Rxa5 17. a4 Qd8 18. Nb5 Ra6 19. Rc1 Ne8 20. Bg4 Nd7 21. Bb4 h5 22. Be6+ Kh7 23. Rc3 f3 24. Rxf3 Rxf3 25. Qxf3 Rxa4 26. Qb3 Ra6 27. Bf7 Nef6 28. Bxd6 Nxe4 29. Qc2 Qf6 30. Be6 Nxd6 31. Bxd7 Nxb5 32. Bxb5 Ra5 33. Qe2 e4 34. g3 Qd4 35. Rd1 Ra1 36. Rxa1 Qxa1+ 37. Kg2 Qd4 38. Qc4 Qxc4 39. Bxc4 Bd4 40. d6 Be5 41. d7 Bc7 42. Bd5 b5 43. Bxe4 Kg7 44. h4 Kf6 45. f4 Bd8 46. Kf3 b4 47. Bc2 Bb6 48. Ke2 Bc7 49. Ke3 Bb6+ 50. Kf3 Bc7 51. Ke4 Ke6 52. Ba4 Bb6 53. Kf3 Bc7 54. Bc2 Kf6 55. Ke4 Ke6 56. Bb3+ Ke7 57. Ba4 Bb6 58. Kf3 Kf6 59. g4 hxg4+ 60. Kxg4 Bc7 61. Kf3 Bd8 62. Kg4 Bc7 63. Bc2 Bd8 64. f5 gxf5+ 65. Bxf5 1/2-1/2

[Event "45th FIDE Chess Olympiad Open"]
[Site "Budapest, Hungary"]
[Date "2024.09.11"]
[Round "1.134"]
[White "Etienne, Angelo"]
[Black "Macovei, Andrei"]
[Result "0-1"]
[WhiteElo "2122"]
[BlackElo "2464"]
[PlyCount "110"]
[EventDate "2024.??.??"]
[WhiteTeam "Haiti"]
[BlackTeam "Moldova"]
[WhiteTeamCountry "HAI"]
[BlackTeamCountry "MDA"]
[WhiteClock "0:23:41"]
[BlackClock "0:38:53"]

1. Nf3 c5 2. g3 Nc6 3. c4 g6 4. Bg2 Bg7 5. Nc3 e5 6. O-O d6 7. d3 Nge7 8. Ne1 Be6 9. Nc2 d5 10. cxd5 Nxd5 11. Ne4 b6 12. Ng5 Bc8 13. Ne3 Nde7 14. Qa4 ({RR} 14. Nc4 O-O 15. Ne4 Be6 16. a4 Rc8 17. Bd2 Rc7 18. Bc3 Rd7 19. Qb3 Nd5 20. Qa3 f5 21. Ned2 Qc7 22. Rac1 h5 23. h4 Nxc3 24. bxc3 e4 25. dxe4 f4 26. e5 Nxe5 27. Nxe5 Bxe5 28. Ne4 fxg3 {Briem,B (2096)-Manukyan,H (1974) Kragero NOR 2023 0-1 (63)}) 14... Bd7 15. Bd2 $146 ({RR} 15. f4 h6 16. Nf3 O-O 17. fxe5 Nxe5 18. Qc2 Nxf3+ 19. Bxf3 Bc6 20. Ng4 Bxf3 21. Rxf3 Qd4+ 22. Nf2 Nc6 23. Rb1 Rae8 24. Kf1 Qd7 25. Re3 Rxe3 26. Bxe3 Qe6 27. Qa4 Nd4 28. Bxd4 Bxd4 29. Re1 Qe3 {Liu,C (2311)-Wan,Y (2474) Beijing 2012 0-1}) ({RR} 15. Qh4 f6 16. Nxh7 Kf7 17. f4 exf4 18. Rxf4 g5 19. Qxg5 Rxh7 20. Be4 Rh6 21. Nd5 Qh8 22. Nxe7 Kxe7 23. Qd5 Rxh2 24. Be3 Qh3 25. Bf2 Rh8 26. Bg2 Qh5 27. Re4+ Kd8 28. Qxh5 R2xh5 29. Ra4 f5 {Franciskovic,B (2189)-Mkrtchian,L (2458) Dresden 2007 0-1 (41)}) ({RR} 15. Qh4 h6 16. Ne4 Nc8 17. Qxd8+ Kxd8 18. Nd5 N8e7 19. Nec3 Rc8 20. f4 Be6 21. fxe5 Nxd5 22. Bxd5 Ke7 23. Bd2 Bxe5 24. Bxe6 Kxe6 25. g4 Rcd8 26. Bf4 Rd4 27. Bxe5 Nxe5 28. h3 Rhd8 29. b3 f5 {Orlov,O (2307)-Mukashev,A (2085) St Petersburg 2009 ½-½ (54)}) 15... O-O 16. Qh4 h6 17. Nf3 g5 18. Qc4 Rc8 19. h4 Be6 20. Qa4 g4 21. Nh2 h5 22. f3 Nd4 23. Rf2 f5 24. fxg4 hxg4 25. Nef1 f4 26. Qd1 Nef5 27. Nxg4 fxg3 28. Rxf5 Nxf5 29. Bg5 Qd4+ 30. e3 Qxb2 31. Rb1 Qa3 32. e4 Nd4 33. Nxg3 Qxa2 34. Rc1 Qb3 35. Nh6+ Bxh6 36. Bxh6 Qxd1+ 37. Rxd1 Rf7 38. Nf5 Kh7 39. Nxd4 cxd4 40. Bd2 Rc2 41. Bg5 Bg4 42. Ra1 Kg6 43. Rb1 Be2 44. Rb5 Rc5 45. Rb3 Ra5 46. Kh2 Bg4 47. Kg3 Be6 48. Rb2 Ra3 49. Rb5 Rxd3+ 50. Kh2 Rf2 51. Kg1 Ra2 52. Rxe5 Bh3 53. Bxh3 Rg3+ 54. Kf1 Rxh3 55. Kg1 Rg3+ 0-1

[Event "45th FIDE Chess Olympiad Open"]
[Site "Budapest, Hungary"]
[Date "2024.09.11"]
[Round "1.135"]
[White "Lashkin, Jegor"]
[Black "Victor, Wyclef"]
[Result "1-0"]
[WhiteElo "2472"]
[BlackElo "1924"]
[PlyCount "61"]
[EventDate "2024.??.??"]
[WhiteTeam "Moldova"]
[BlackTeam "Haiti"]
[WhiteTeamCountry "MDA"]
[BlackTeamCountry "HAI"]
[WhiteClock "0:45:42"]
[BlackClock "0:02:56"]

1. d4 Nf6 2. c4 e6 3. Nf3 b6 4. g3 Bb7 5. Bg2 Be7 6. O-O O-O 7. Nc3 d6 8. d5 e5 9. e4 Nbd7 10. Be3 ({RR} 10. Nh4 Ne8 11. Nf5 Bf6 12. Be3 Kh8 13. b4 g6 14. Nh6 Bg7 15. Bh3 Ndf6 16. Bg5 Bc8 17. Bg2 Qd7 18. c5 bxc5 19. bxc5 dxc5 20. Na4 Qb5 21. Rc1 Qb4 22. Nxc5 Nd6 23. Re1 Ng8 24. Nxg8 Kxg8 {Bilan,D (2303)-Samaganova,A (1915) chess.com INT 2024 1-0 (84)}) 10... Ng4 11. Bd2 Bc8 $146 ({RR} 11... a5 12. h3 Ngf6 13. Qc2 Ne8 14. a3 g5 15. b4 Ng7 16. Rfb1 f5 17. exf5 axb4 18. axb4 Nxf5 19. Ne4 h6 20. Qd3 Ng7 21. h4 Nf6 22. Rxa8 Bxa8 23. hxg5 Nxe4 24. Qxe4 hxg5 25. b5 Bb7 26. Bh3 {Babu,N (2332)-Surendran,N (2126) New Delhi 2007 1-0 (48)}) ({RR} 11... Ba6 12. Qe2 Bc8 13. Ne1 Ngf6 14. f4 exf4 15. Bxf4 Re8 16. Nd3 Bf8 17. Rf2 Nc5 18. Nxc5 bxc5 19. Raf1 Ng4 20. Rf3 f6 21. h3 Ne5 22. R3f2 Ba6 23. b3 Bb7 24. g4 h6 25. Qd2 Kh7 26. Bg3 {Gebigke,L (1653)-Wehr,J Berlin 2017 1-0 (37)}) 12. b4 Ngf6 13. Ne1 Re8 14. Nd3 Ba6 15. Qb3 Nf8 16. a4 Bc8 17. c5 bxc5 18. bxc5 Ba6 19. Nb5 N8d7 20. c6 Nb6 21. Rfb1 Bf8 22. Qc2 g6 23. Nc3 Bxd3 24. Qxd3 a5 25. Rb5 Bg7 26. Ne2 Ra7 27. Be3 Qb8 28. Rab1 Ra6 29. R5b3 Qa7 30. Nc3 Rc8 31. Bf1 1-0

[Event "45th FIDE Chess Olympiad Open"]
[Site "Budapest, Hungary"]
[Date "2024.09.11"]
[Round "1.137"]
[White "Liyanage, Ranindu Dilshan"]
[Black "Albornoz Cabrera, Carlos Daniel"]
[Result "1/2-1/2"]
[WhiteElo "2366"]
[BlackElo "2579"]
[PlyCount "86"]
[EventDate "2024.??.??"]
[WhiteTeam "Sri Lanka"]
[BlackTeam "Cuba"]
[WhiteTeamCountry "SRI"]
[BlackTeamCountry "CUB"]
[WhiteClock "0:09:52"]
[BlackClock "0:16:48"]

1. e4 c5 2. Nf3 d6 3. d4 cxd4 4. Nxd4 Nf6 5. Nc3 a6 6. Be3 Ng4 7. Bc1 Nc6 8. h3 Nf6 9. Be3 e5 10. Nb3 Be6 ({RR} 10... Be7 11. g4 h6 12. Qe2 b5 13. O-O-O b4 14. Nd5 Nxd5 15. exd5 Nb8 16. f4 Nd7 17. Kb1 Bf6 18. Qg2 exf4 19. Bxf4 Ne5 20. Nd4 O-O 21. Be2 Bd7 22. Nc6 Qb6 23. Bxe5 Bxe5 24. Nxe5 dxe5 25. Bd3 {Gibicar,D (2284)-Kocharin,T (2181) Germany GER 2024 ½-½ (39)}) 11. Qf3 Nb4 $146 ({RR} 11... h5 12. Rg1 b5 13. O-O-O Nd7 14. Kb1 Rc8 15. Nd5 Bxd5 16. Rxd5 Qc7 17. c3 Ne7 18. Rd1 Ng6 19. c4 Qb7 20. cxb5 axb5 21. Rd5 Nh4 22. Qd1 Be7 23. Bxb5 O-O 24. g3 Ng6 25. Qd3 Nf6 26. Ba6 {Matsuura,E (2408)-Schnaider,I (2196) Mar del Plata ARG 2023 1-0 (62)}) 12. O-O-O Rc8 13. Kb1 h6 14. a3 Rxc3 15. bxc3 Nc6 16. Bc1 Be7 17. g4 Na5 18. Nxa5 Qxa5 19. c4 Nd7 20. Bb2 Nb6 21. Qc3 Qc5 22. f4 Na4 23. Qb4 Nxb2 24. Qxc5 dxc5 25. Kxb2 exf4 26. e5 f3 27. Bd3 Bh4 28. Be4 f2 29. Kc3 Bg3 30. Bxb7 h5 31. Bd5 Bxe5+ 32. Kd3 hxg4 33. Bxe6 fxe6 34. hxg4 Rf8 35. Rdf1 Rf4 36. c3 Rxg4 37. Rxf2 Rg3+ 38. Ke4 Bxc3 39. Rh8+ Ke7 40. Ra8 a5 41. Ra7+ Kd6 42. Ra6+ Ke7 43. Ra7+ Kd6 1/2-1/2

[Event "45th FIDE Chess Olympiad Open"]
[Site "Budapest, Hungary"]
[Date "2024.09.11"]
[Round "1.138"]
[White "Quesada Perez, Luis Ernesto"]
[Black "Amarathunga, Kosala Sandeepa Cha"]
[Result "1-0"]
[WhiteElo "2578"]
[BlackElo "1956"]
[PlyCount "53"]
[EventDate "2024.??.??"]
[WhiteTeam "Cuba"]
[BlackTeam "Sri Lanka"]
[WhiteTeamCountry "CUB"]
[BlackTeamCountry "SRI"]
[WhiteClock "0:20:31"]
[BlackClock "0:00:34"]

1. d4 Nf6 2. c4 e6 3. Nf3 d5 4. Nc3 h6 5. Bf4 c6 6. e3 Nbd7 7. h3 b6 8. cxd5 exd5 9. Bd3 Be7 10. O-O O-O 11. Rc1 Bb7 12. Ne5 $146 ({RR} 12. e4 dxe4 13. Nxe4 c5 14. Nd6 Bd5 15. Nb5 a6 16. Nc7 Ra7 17. Nxd5 Nxd5 18. Bg3 Bf6 19. Ne5 Nb4 20. Bb1 cxd4 21. Qxd4 Nxe5 22. Qxb4 a5 23. Qb5 Qd7 24. Qxb6 Ng6 25. Rfd1 Qb7 26. Qe3 Ra6 {Gincas,A-Saifulin,K Klaipeda 2002 1-0 (59)}) 12... c5 13. Bf5 Nxe5 14. dxe5 Ne4 15. Nxe4 dxe4 16. Qg4 Kh8 17. Rfd1 Qe8 18. Qh5 Qc6 19. Rd7 Rae8 20. Rcd1 Kg8 21. Rxb7 g6 22. Qxh6 Qxb7 23. Bxg6 fxg6 24. Qxg6+ Kh8 25. e6 Rxf4 26. exf4 Qc8 27. Rd5 1-0

[Event "45th FIDE Chess Olympiad Open"]
[Site "Budapest, Hungary"]
[Date "2024.09.11"]
[Round "1.139"]
[White "Kodithuwakku, K K Dinujaya"]
[Black "Berdayes Ason, Dylan Isidro"]
[Result "0-1"]
[WhiteElo "1827"]
[BlackElo "2474"]
[PlyCount "74"]
[EventDate "2024.??.??"]
[WhiteTeam "Sri Lanka"]
[BlackTeam "Cuba"]
[WhiteTeamCountry "SRI"]
[BlackTeamCountry "CUB"]
[WhiteClock "0:04:02"]
[BlackClock "0:22:45"]

1. d4 Nf6 2. c4 e6 3. Nf3 d5 4. g3 Bb4+ 5. Bd2 Be7 6. Bg2 O-O 7. O-O Nbd7 8. Bc3 b6 9. cxd5 exd5 10. Bd2 Re8 11. Nc3 Bb7 12. Bf4 Nf8 13. Rc1 $146 ({RR} 13. Qb3 Ne6 14. Rfd1 c5 15. dxc5 Bxc5 16. e3 Qe7 17. Be5 Rad8 18. Bxf6 Qxf6 19. Nxd5 Bxd5 20. Rxd5 Rxd5 21. Qxd5 Qxb2 22. Rf1 Rd8 23. Qb3 Qxb3 24. axb3 Kf8 25. Ne5 a5 26. Bf3 Ng5 27. Bc6 Ke7 {Hernando Rodrigo,J (2213)-Bilych,O (2433) Sitges ESP 2023 ½-½ (37)}) ({RR} 13. e3 Ne6 14. Rc1 Bb4 15. h4 h6 16. Be5 Ne4 17. h5 c5 18. dxc5 bxc5 19. Qb3 Bc6 20. Nxe4 dxe4 21. Rfd1 Qa5 22. Nh4 Ng5 23. Bc3 Ba4 24. Bxb4 Qa6 25. Bf1 Bxb3 26. Bxa6 Bxd1 27. Bxc5 Bxh5 {Finek,V (2429)-Santos Latasa,J (2612) Prague CZE 2024 0-1 (57)}) 13... Ne6 14. Ne5 c6 15. Bh3 Bf8 16. e3 c5 17. Ne2 Ne4 18. Nf3 c4 19. Nc3 f6 20. Nd2 Nxd2 21. Qxd2 g5 22. Qd1 Ng7 23. Kh1 gxf4 24. gxf4 Bb4 25. Rg1 Bxc3 26. bxc3 Bc8 27. Bg2 Kh8 28. Qf3 Be6 29. e4 dxe4 30. Qxe4 Rc8 31. Qf3 Qd7 32. d5 Bf5 33. Qg3 Be4 34. f3 Nf5 35. Qg4 Rg8 36. Qh5 Qxd5 37. Qh3 Bd3 0-1